| 000 | 00757nam a22001937a 4500 | ||
|---|---|---|---|
| 999 |
_c169765 _d169765 |
||
| 005 | 20191202162347.0 | ||
| 010 | _aUR-10648 | ||
| 020 |
_c300.00 _a9788194163329 |
||
| 035 | _aU-9203 | ||
| 037 |
_bDBAD/PUB _a- |
||
| 082 | _a440.35 | ||
| 100 | _aر ضيہ د ا نش(ر ضيہ بيگم ) | ||
| 245 |
_aحيد رآ با د ی ا ر د و کا سما جی و لسا نی مطا لعہ _cر ضيہ د ا نش(ر ضيہ بيگم ) |
||
| 246 |
_bHyderabadi Urdu Ka Samaji -o-Lisani Mutala (Urdu) _aby Dr.Razia danish |
||
| 260 |
_aDelhi _bEducational Publishing House _c2019 ء |
||
| 270 |
_a3191,Vakil Street, Kucha Pandit,Lal Kuan, _bDelhi _e110006 _k01123216162 _l- |
||
| 300 |
_a151 ص _c22 Cm(Hb) |
||
| 942 |
_2ddc _cUR _h440.35 _mر ض ی |
||